[Event "Airthings Masters Preliminary"]
[Site "Online"]
[Date "2020.12.23"]
[Round "2.5"]
[White "Radjabov, Teimour"]
[Black "Anton Guijarro, David"]
[Result "1-0"]
[WhiteElo "2765"]
[BlackElo "2675"]
[Annotator "TA"]
[PlyCount "101"]
[EventDate "2020.12.26"]
[EventType "tourn"]
[EventCountry "NET"]
[SourceTitle "playchess.com"]
[Source "ChessBase"]
[SourceQuality "1"]

{[%evp 15,101,0,0,0,0,0,0,0,0,0,0,0,1,0,0,0,29,28,33,36,37,33,54,0,0,0,0,0,0,0,0,-18,-6,-17,12,0,12,12,21,21,58,55,79,79,79,80,80,64,64,72,62,68,126,114,109,122,125,11,135,48,56,51,53,45,118,118,118,124,511,475,482,468,29976,29977,29978,29978,29978,29979,29978,29978,29982,29985,29985,29986,29986,29987,29987,29987]} 1. d4 Nf6 2. c4 e6 3. Nc3 Bb4 4. Nf3 d5 5. cxd5 exd5 6. Bg5 h6 7. Bxf6 Qxf6 8. e3 {8.Qa4+ gains popularity.} O-O 9. Qb3 {D38: Queen's Gambit Declined: Ragozin Defence (4 Nf3 Bb4).} Qb6 10. Bd3 c6 11. O-O {The position is equal.} Nd7 {[%cal Bb8d7,Bd7f6,Bf6g4][%mdl 32]} 12. Qc2 Qd8 13. a3 Bd6 14. Rfe1 Nf6 {[#]} 15. Ne5 $146 ({Predecessor:} 15. b4 a6 16. e4 dxe4 17. Nxe4 Nxe4 18. Bxe4 a5 19. bxa5 Qxa5 20. a4 Be6 21. Ne5 {0-1 (31) Sith,J-Pierecker,M Bratislava 1991}) 15... Bxe5 16. dxe5 Ng4 17. f4 d4 {[#]} 18. Rad1 $1 {And now h3 would win.} Nxh2 {White must now prevent ...Qh4.} (18... Qh4 19. g3) 19. Kxh2 ({Don't play} 19. Bh7+ Kh8 $15) (19. Ne2 $14 Qh4 20. Nxd4 (20. Bh7+ $2 Kh8 $19)) 19... Qh4+ $11 20. Kg1 dxc3 21. bxc3 Bg4 22. Rb1 Rad8 23. Be4 (23. Be2 {looks sharper.} Rd7 24. Red1 Rfd8 25. Rd4 c5 26. Rxd7 Rxd7 27. Bc4) 23... Rd7 24. Qf2 Qxf2+ (24... Qe7 {with more complications.} 25. Rb4 h5 26. Qb2 f6 27. exf6 Rxf6 28. Bb1 Rfd6) 25. Kxf2 Rfd8 (25... Rd2+ {is more complex.} 26. Kg3 Bc8 27. a4 Rfd8 28. a5 Kf8) 26. Kg3 Be6 27. a4 b6 28. a5 b5 29. Bxc6 Rc7 30. Bxb5 Rxc3 31. Bf1 g5 32. Rb7 gxf4+ 33. Kxf4 a6 (33... Ra3 $14) 34. Ra1 $1 $16 Rd2 35. Rb6 $1 Rf2+ {[#]} 36. Kg3 (36. Ke4 $1 $16) 36... Rfc2 (36... Rf5 $11 {keeps the balance.}) 37. Rxa6 (37. Bxa6 $16 Bd5 38. Bf1 (38. Rxh6 Rxg2+ 39. Kf4 Rf2+ 40. Kg3 Rg2+ 41. Kf4 Rf2+ 42. Kg3 Rg2+ $11)) 37... Rxe3+ $14 38. Kh2 Rxe5 39. Rb6 {Strongly threatening a6.} Bd5 ({Black should play} 39... Ra2 $14 40. Rxa2 Bxa2) 40. a6 $16 {[%cal Ba5a6,Ba6a7][%mdl 32] Hoping for Rb5.} Rh5+ {[#]} 41. Kg3 $1 Bxg2 $2 {[%mdl 8192] This costs Black the game.} 42. Bxg2 {Threatens to win with a7.} Rg5+ 43. Kf3 {a7 is the strong threat.} Rcxg2 $18 {[%mdl 4096] Endgame KRR-KRR} (43... Rgxg2 $18 44. a7 (44. Rxh6 Rgf2+ 45. Kg4 Rg2+ 46. Kf5 Rgf2+ 47. Kg5 Rg2+ 48. Kf4 Rgf2+ 49. Kg5 Rg2+ 50. Kf5 Rgf2+ 51. Ke5 Rfe2+ 52. Kd6 Red2+ 53. Ke7 Rc7+ 54. Ke8 Rc8+ 55. Ke7 Rc7+ 56. Ke8 Rc8+ 57. Ke7 Rc7+ $11) 44... Rgf2+ 45. Kg3 Rg2+ 46. Kf4 Rgf2+ 47. Ke5 Rfe2+ 48. Kd6 Rcd2+ 49. Kc5 Rd8) 44. a7 {White mates.} R2g3+ 45. Ke2 Rg2+ 46. Kd3 R2g3+ 47. Kc4 R5g4+ 48. Kb5 Rb3+ 49. Ka6 Rxb6+ 50. Kxb6 Rb4+ 51. Kc5 {Weighted Error Value: White=0.10/Black=0.40} 1-0

[Event "Airthings Masters Preliminary"]
[Site "Online"]
[Date "2020.12.23"]
[Round "2.6"]
[White "Harikrishna, Pentala"]
[Black "Dubov, Daniil"]
[Result "1/2-1/2"]
[WhiteElo "2732"]
[BlackElo "2699"]
[Annotator "TA"]
[PlyCount "77"]
[EventDate "2020.12.26"]
[EventType "tourn"]
[EventCountry "NET"]
[SourceTitle "playchess.com"]
[Source "ChessBase"]
[SourceQuality "1"]

{[%evp 17,77,0,20,0,21,26,22,34,17,31,23,3,8,0,10,6,8,0,8,0,0,0,0,0,0,0,0,0,0,0,7,4,16,14,26,7,18,18,52,16,19,10,1,1,14,0,0,0,0,0,0,0,0,0,0,0,0,0,0,0,0,0]} 1. e4 c5 2. Nf3 Nc6 3. d4 cxd4 4. Nxd4 Nf6 5. Nc3 e5 6. Nf5 d5 7. exd5 Bxf5 8. dxc6 bxc6 9. Qf3 Qd7 10. Bg5 {B33: Sicilian: Pelikan and Sveshnikov Variations.} Be7 (10... e4 $5 {[%cal Re4f3]} 11. Qd1 Qxd1+ 12. Nxd1 Be6 $11) 11. Rd1 Qe6 {[#] aiming for ...Bg4.} 12. Bc4 $1 Qxc4 13. Qxf5 O-O {[#]} 14. Bxf6 $146 ({Much worse is} 14. Qxe5 Rfe8 $17) ({Predecessor:} 14. Rd3 e4 15. Rh3 Rfe8 16. b3 Qc5 17. Qxc5 Bxc5 18. Bxf6 gxf6 19. Ke2 Rad8 20. Rd1 f5 21. Rh5 {1-0 (21) Terteryants,M (2495)-Khokhlov,I (2485) ICCF corr 1994}) 14... Bxf6 15. Qe4 $1 {[%cal Re4c4]} Qe6 16. O-O Rfd8 17. b3 Be7 18. Rxd8+ (18. Qe3 {seems wilder.} f5 19. g3 e4 20. Ne2 Qf6 21. Kg2) 18... Rxd8 19. Rd1 Rxd1+ 20. Nxd1 f5 21. Qe2 e4 22. g3 g6 23. Ne3 Kg7 24. Qd2 Bf6 25. h4 Kf7 26. Kg2 h5 27. a4 Be5 28. Qa5 Qe7 {The position is equal.} 29. Qa6 Qd7 30. Qc4+ Kg7 $1 31. Kf1 Qd2 32. Qxc6 {[#] Strongly threatening Qb7+.} Bxg3 33. fxg3 Qxe3 $11 {[%mdl 4096] Endgame KQ-KQ} 34. Qc7+ Kf6 35. Qd6+ Kf7 36. Qd7+ Kf6 {White must now prevent ...Qf3+.} 37. Qd6+ Kf7 38. Qd7+ Kf6 {And now ...Qf3+ would win.} 39. Qd6+ {An uneventful encounter.  Weighted Error Value: White=0.05/Black=0.04} 1/2-1/2

[Event "Airthings Masters Preliminary"]
[Site "Online"]
[Date "2020.12.23"]
[Round "3.1"]
[White "Dubov, Daniil"]
[Black "Vachier-Lagrave, Maxime"]
[Result "1/2-1/2"]
[WhiteElo "2699"]
[BlackElo "2784"]
[Annotator "TA"]
[PlyCount "137"]
[EventDate "2020.12.26"]
[EventType "tourn"]
[EventCountry "NET"]
[SourceTitle "playchess.com"]
[Source "ChessBase"]
[SourceQuality "1"]

{[%evp 18,137,26,18,36,-22,6,16,0,0,18,25,40,8,41,26,68,66,66,57,119,110,157,129,162,106,141,104,102,92,106,98,119,112,119,105,120,118,138,150,142,133,171,167,158,85,89,68,67,0,0,0,0,0,0,0,0,0,0,-397,-391,-347,-386,-382,-354,-283,-67,-67,-67,-67,-80,-80,-72,-115,-28,-28,-18,-18,0,0,0,0,0,0,0,0,0,0,0,0,0,0,0,0,0,-8,-8,-8,-8,-8,-8,-8,-8,-8,0,0,0,-8,0,0,0,0,0,0,0,0,0,0,0,0,0,0]} 1. Nf3 Nf6 2. c4 c5 3. Nc3 Nc6 4. d4 cxd4 5. Nxd4 e6 6. g3 Bc5 7. Nb3 Be7 8. Bg2 O-O {8...b6 is not played anymore.} 9. Bf4 d6 10. O-O h6 {A33: Symmetrical English: 2 Nf3 Nf6 3 d4 cxd4 4 Nxd4 e6 5 Nc3 Nc6.} 11. Qd2 (11. e4 $14) 11... e5 12. Be3 Be6 13. Nd5 Qd7 14. Rfd1 Rfd8 {[#]} 15. Rac1 $146 ({Predecessor:} 15. Qe1 Ng4 16. Rac1 Bxd5 17. cxd5 Nxe3 18. fxe3 Nb8 19. Qf2 Na6 20. Rf1 {½-½ (69) Royal,S (1930)-Ethelontis,A (2187) London 2018}) 15... Rac8 16. Qe1 b6 17. Nxf6+ Bxf6 18. c5 d5 (18... bxc5 $2 19. Nxc5 Qe8 20. Nb7 $18) ({Better is} 18... Ne7 $14) 19. cxb6 $16 Be7 20. bxa7 Bb4 {[#]} 21. Qf1 ({White should try} 21. Nc5 $1 $18 {[%mdl 512]} Qe7 22. Nxe6 fxe6 23. Qf1 Nxa7 24. a3) 21... Nxa7 22. Bc5 Qa4 23. Bxb4 Qxb4 24. Qe1 Qxe1+ 25. Rxe1 d4 26. Bb7 Rb8 27. Nc5 Bd5 28. Bxd5 Rxd5 {[#]} 29. Rc2 f5 30. Rec1 e4 31. Ne6 (31. Nb3 $142) 31... Rd6 32. Nf4 g5 33. Nh5 (33. Ng2 $14) 33... d3 $11 34. exd3 exd3 35. Rd2 Nc6 36. Rc5 Nd4 37. Kg2 ({Much worse is} 37. Rxd3 Ne2+ 38. Kf1 Rxd3 $17) 37... Nc2 $36 {[%mdl 2048] Black is pushing.} 38. Rd5 $2 {[%mdl 8192]} Rxd5 $19 39. Nf6+ Kf7 40. Nxd5 Rxb2 {[%mdl 4096] Endgame And now ...Ne1+ would win. KRN-KRN} 41. Kh3 Kg6 $2 (41... Rb1 $19 {...Ne1 is the strong threat.} 42. g4 (42. Rxd3 g4+ 43. Kg2 Ne1+ {[%mdl 64] Double Attack} 44. Kf1 Nf3+ {[%mdl 64] Discovered Attack} 45. Rd1 Rxd1+ 46. Ke2 Rxd5 47. Ke3 Ra5 48. Kd3 Ra3+ 49. Kc2 Rxa2+ 50. Kd3 Nxh2 51. Kc3 Rxf2 52. Kc4 f4 53. Kd4 fxg3 54. Ke3 Rf3+ 55. Ke4 g2 56. Kd5 g1=Q 57. Kc6 Qc1+ 58. Kd5 Rd3+ 59. Ke5 Qe3+ 60. Kf5 Rd5#) 42... Rg1 43. gxf5 Ne1) 42. g4 $15 fxg4+ 43. Kg3 Rxa2 {aiming for ...Nb4!} 44. Rxd3 h5 45. Ne3 {[#]} Ra1 $1 46. f3 $1 $11 ({Don't go for} 46. Rd6+ $2 Kf7 $19) 46... h4+ 47. Kxg4 {The position is equal.} Rg1+ (47... Ra4+ {seems wilder.} 48. Kh3 Nd4 49. Ng4 Kf5 50. Nf2 Kf4) 48. Kh3 Ne1 49. Rd6+ Kf7 50. Rd1 Kg6 51. Rd6+ Kf7 52. Rd1 Kf6 53. Nc2 Nxf3 {[%csl Gg1][%cal Rg5g4][%mdl 64] Discovered Attack} 54. Rxg1 Nxg1+ {KN-KN} 55. Kg4 Ne2 56. Ne3 Nf4 57. Kf3 Nd3 58. Ke4 Nc5+ 59. Kf3 Kg6 60. Ng4 Ne6 61. Ke4 Nc5+ 62. Kf3 Nd7 63. Ke4 Nf6+ {[%mdl 64] Double Attack} 64. Kf3 Nxg4 (64... Ng8 {keeps more tension.} 65. Ke4 Kh5 66. Ne5 Nh6 67. Kf3 Nf5) 65. Kxg4 h3 66. Kxh3 Kh5 67. Kg3 g4 68. h3 gxh3 69. Kxh3 {What a bad dream for Black.  Weighted Error Value: White=0.24/Black=0.21} 1/2-1/2

[Event "Airthings Masters Preliminary"]
[Site "Online"]
[Date "2020.12.23"]
[Round "3.2"]
[White "Anton Guijarro, David"]
[Black "Harikrishna, Pentala"]
[Result "1/2-1/2"]
[WhiteElo "2675"]
[BlackElo "2732"]
[Annotator "TA"]
[PlyCount "89"]
[EventDate "2020.12.26"]
[EventType "tourn"]
[EventCountry "NET"]
[SourceTitle "playchess.com"]
[Source "ChessBase"]
[SourceQuality "1"]

{[%evp 18,89,10,0,10,0,26,26,22,23,41,39,36,-5,-10,-33,-8,-6,0,0,0,0,0,-24,-24,-24,0,-17,0,0,0,-7,0,-8,0,0,0,0,0,0,0,0,0,0,0,0,0,0,0,0,47,0,0,0,0,0,0,0,0,0,0,0,0,0,0,0,0,0,0,0,0,0,0,0]} 1. d4 d5 2. c4 c6 3. Nf3 Nf6 4. Nc3 e6 5. e3 Nbd7 6. Be2 Bd6 7. O-O O-O 8. Qc2 dxc4 9. Bxc4 b5 10. Be2 a6 {D46: Semi-Slav: 5 e3 Nbd7 6 Bd3, Black avoids the Meran.} 11. Ng5 h6 {Recently 11...Be7 got a lot of attention.} 12. Nge4 Be7 {[#] White has an edge.} 13. a3 $146 ({Predecessor:} 13. Rd1 Qc7 14. Bd2 c5 15. dxc5 Nxe4 16. Nxe4 f5 17. Ng3 Qxc5 18. Qb3 Qb6 19. Ba5 {1-0 (19) Khairullin,I (2629)-Kjartansson,G (2484) Jerusalem 2015}) 13... Bb7 14. b4 a5 15. Nxf6+ (15. Rb1 {is more complex.} axb4 16. axb4 Nd5 17. Nc5 Nxc5 18. bxc5 Qc7 19. Bd2) 15... Nxf6 16. Rb1 axb4 17. axb4 Nd5 18. Nxd5 exd5 19. Bd2 Bd6 20. Ra1 Qe7 21. Qb2 Rfe8 22. Bd3 Qf8 (22... Rxa1 {feels hotter.} 23. Rxa1 h5 24. Re1 Bc8 25. Qc3 Bd7) 23. Rfe1 Rxa1 24. Rxa1 Ra8 25. Ra3 Qb8 26. h3 Rxa3 27. Qxa3 Bc8 28. e4 dxe4 29. Bxe4 Bd7 30. d5 cxd5 31. Bxd5 Qe8 32. Qf3 Be6 33. Qe4 h5 (33... Qc8 {with more complications.} 34. g4 Bf8 35. Be3 Bxd5 36. Qxd5 Qc2) 34. Bxe6 (34. Qe2 {is interesting.} Bh2+ 35. Kxh2 Qb8+ 36. Kg1 Bxd5 37. Qxh5 Qd6 38. Be3) 34... Qxe6 {The position is equal.} 35. Qxe6 fxe6 $14 {[%mdl 4096] Endgame KB-KB} 36. g4 hxg4 37. hxg4 Kf7 38. Kg2 e5 39. Kf3 Ke6 {[#] Strongly threatening ...Kd5.} 40. Ke4 g6 41. f3 Be7 42. Bc3 Bd6 43. Bd2 Be7 44. Bc3 Bd6 45. Bd2 {Weighted Error Value: White=0.05/Black=0.05} 1/2-1/2

[Event "Airthings Masters Preliminary"]
[Site "Online"]
[Date "2020.12.23"]
[Round "3.3"]
[White "Carlsen, Magnus"]
[Black "Radjabov, Teimour"]
[Result "1/2-1/2"]
[WhiteElo "2862"]
[BlackElo "2765"]
[Annotator "TA"]
[PlyCount "93"]
[EventDate "2020.12.26"]
[EventType "tourn"]
[EventCountry "NET"]
[SourceTitle "playchess.com"]
[Source "ChessBase"]
[SourceQuality "1"]

{[%evp 13,93,13,7,-13,-8,-27,-41,-35,-32,-49,-41,-37,-47,-62,-48,-48,-45,-47,-45,-45,-45,-49,-45,-42,-42,-43,-33,-56,0,0,0,-2,12,6,7,7,7,4,18,20,23,9,18,0,0,1,57,8,8,8,8,8,14,8,8,8,8,8,12,8,8,8,8,8,8,0,0,0,0,0,0,0,0,0,0,0,0,0,0,0,0,0]} 1. d4 Nf6 2. c4 e6 3. Nf3 d5 4. Nc3 Be7 5. Bf4 O-O 6. e3 Nbd7 {6...b6 is the modern continuation.} 7. c5 Nh5 8. Be5 {D37: Queen's Gambit Declined: 5 Bf4.} c6 9. Bd3 g6 10. h4 {Black is slightly better.} Nxe5 {[#]} 11. dxe5 $146 ({Predecessor:} 11. Nxe5 f6 12. Nxg6 hxg6 13. Bxg6 Ng7 14. Qd2 f5 15. h5 b6 16. cxb6 axb6 17. O-O-O {0-1 (34) Haller,P (2205)-Betker,J (2448) ICCF email 2015}) 11... f5 12. b4 b6 13. Na4 bxc5 14. Nxc5 Qb6 15. Rb1 a5 16. a3 axb4 17. axb4 Bxc5 18. bxc5 Qxc5 19. O-O Qe7 20. Ra1 Bd7 ({Better is} 20... Rb8 $15) 21. Qb3 $11 Rab8 (21... Rfd8 {is more complex.} 22. Qb7 Rab8 23. Qa7 Qf8 24. Rfb1 Ra8) 22. Qc3 Qb4 23. Qxb4 Rxb4 24. Ra7 Rd8 25. Rc1 Rbb8 26. Nd4 Ra8 27. Rb7 Rab8 28. Ba6 Rxb7 29. Bxb7 Kf7 (29... f4 $11) 30. Kf1 Rb8 {The position is equal.} 31. Bxc6 Rc8 $1 32. Ke2 Bxc6 33. Rxc6 Rxc6 34. Nxc6 {[%mdl 4096] Endgame KN-KN} f4 $1 35. Nd4 h6 36. Kf3 {White wants to play e4.} fxe3 37. Kxe3 g5 38. hxg5 hxg5 39. g3 {Black should prevent Kf3.} g4 40. Kd3 (40. Nb5 {feels hotter.} Kg6 41. Nd6 Kg5 42. Kd4 Ng7 43. Kc5) 40... Ng7 41. Kc3 Nf5 42. Nxf5 exf5 43. Kd3 $1 Ke7 44. Ke3 Kf7 45. Kd3 Ke7 46. Ke3 Kf7 47. Kd3 {Weighted Error Value: White=0.05/Black=0.06} 1/2-1/2

[Event "Airthings Masters Preliminary"]
[Site "Online"]
[Date "2020.12.23"]
[Round "3.4"]
[White "Giri, Anish"]
[Black "So, Wesley"]
[Result "0-1"]
[WhiteElo "2764"]
[BlackElo "2770"]
[Annotator "TA"]
[PlyCount "50"]
[EventDate "2020.12.26"]
[EventType "tourn"]
[EventCountry "NET"]
[SourceTitle "playchess.com"]
[Source "ChessBase"]
[SourceQuality "1"]

{[%evp 18,50,8,5,4,6,0,0,0,0,0,0,0,0,0,-51,-24,-74,-63,-64,-75,-79,-61,-81,-87,-76,-87,-156,-163,-221,-174,-387,-400,-386,-382]} 1. Nf3 d5 2. g3 Nf6 3. Bg2 e6 4. O-O Be7 5. c4 O-O 6. b3 c5 7. cxd5 Nxd5 8. Nc3 Nc6 9. Bb2 Nxc3 10. Bxc3 Qc7 {A14: English Opening: 1...e6 with b3 by White.} 11. Qb1 {[#]} e5 $5 $146 {[%mdl 8] An interesting novelty.} ({Predecessor:} 11... Rd8 12. Qb2 Bf8 13. d4 b6 14. dxc5 bxc5 15. Ne5 Bb7 16. Rac1 Nxe5 17. Bxe5 Qb6 18. Rc4 Bxg2 19. Kxg2 {½-½ (65) Darban,M (2401)-Sandipan,C (2560) Esfahan 2005}) 12. e3 f5 {The position is equal.} 13. Rc1 Be6 14. Qb2 {[%cal Rf3e5]} Bf6 15. Ne1 Rad8 16. d3 (16. Bxc6 $11 bxc6 17. d3) 16... Bd5 17. b4 Bxg2 18. Kxg2 cxb4 19. Bxb4 Rf7 20. Bc3 f4 21. exf4 exf4 22. Rab1 ({White should try} 22. d4) 22... Bxc3 $17 23. Qxc3 (23. Rxc3 {was necessary.} Qd7 24. Nf3) 23... Qd7 {Hoping for ...Nd4.} 24. Qc5 $2 {[#]} (24. Nf3 {is a better defense.}) 24... Nd4 $19 25. Rc4 f3+ {Weighted Error Value: White=0.32/Black=0.05} 0-1

[Event "Airthings Masters Preliminary"]
[Site "Online"]
[Date "2020.12.23"]
[Round "3.5"]
[White "Grischuk, Alexander"]
[Black "Aronian, Levon"]
[Result "1/2-1/2"]
[WhiteElo "2777"]
[BlackElo "2781"]
[Annotator "TA"]
[PlyCount "36"]
[EventDate "2020.12.26"]
[EventType "tourn"]
[EventCountry "NET"]
[SourceTitle "playchess.com"]
[Source "ChessBase"]
[SourceQuality "1"]

{[%evp 12,36,22,8,15,5,46,35,37,29,69,70,78,25,33,0,0,0,18,-6,0,0,22,-14,0,0,27]} 1. e4 e5 2. Nf3 Nc6 3. Bc4 Bc5 4. c3 Nf6 5. d3 d6 6. O-O O-O 7. Re1 $1 {[%mdl 4] now scores much better than the old 7.Bb3.} a5 {C54: Giuoco Piano: 4 c3 Nf6, main lines with 5 d4 and 5 d3.} 8. Bb3 {[#]} Kh8 $146 ({Predecessor:} 8... h6 9. Nbd2 Be6 10. Ba4 Ng4 11. Re2 f5 12. h3 Nf6 13. Bb3 Bxb3 14. Qxb3+ Kh7 15. exf5 {1-0 (32) Karjakin,S (2752)-Sjugirov,S (2675) chess.com INT 2020}) 9. h3 h6 {White is slightly better.} 10. Nbd2 g5 {next ...g4 is good for Black.} 11. Nf1 g4 12. hxg4 (12. Bxh6 $16 gxf3 13. Qxf3) 12... Nxg4 $11 13. Be3 Nxe3 {The position is equal.} 14. Nxe3 ({Reject} 14. fxe3 f5 $15) 14... Qf6 $1 15. Nh2 Qg6 16. Nf3 Qf6 17. Nh2 Qg6 18. Nf3 Qf6 {Weighted Error Value: White=0.16/Black=0.09} 1/2-1/2

[Event "Airthings Masters Preliminary"]
[Site "Online"]
[Date "2020.12.23"]
[Round "3.6"]
[White "Nakamura, Hikaru"]
[Black "Nepomniachtchi, Ian"]
[Result "1/2-1/2"]
[WhiteElo "2736"]
[BlackElo "2784"]
[Annotator "TA"]
[PlyCount "79"]
[EventDate "2020.12.26"]
[EventType "tourn"]
[EventCountry "NET"]
[SourceTitle "playchess.com"]
[Source "ChessBase"]
[SourceQuality "1"]

{[%evp 9,79,16,57,65,80,77,75,48,41,33,37,36,43,37,48,0,0,-30,0,0,0,-2,25,33,39,25,55,0,0,0,26,20,5,13,52,0,62,0,12,0,0,0,0,0,9,0,69,72,95,11,31,12,11,12,12,33,81,86,85,87,62,0,0,0,0,0,0,0,0,0,0,0]} 1. e4 c5 2. Nf3 d6 3. Bb5+ Nd7 4. c4 (4. Ba4 Ngf6 5. d3 g6 6. O-O Bg7 7. c3 O-O 8. Re1 a6 9. d4 b5 10. Bc2 Bb7 11. Nbd2 Rc8 12. Nf1 cxd4 13. cxd4 Qc7 14. Bd3 e5 15. d5 Nc5 16. Bc2 Nh5 17. Be3 {½-½ (72) Nakamura,H (2736)-Nepomniachtchi,I (2784) chess.com INT 2020}) 4... e5 5. O-O g6 {[#]} 6. b4 $146 {B51: Sicilian: Moscow Variation (3 Bb5+) without 3...Bd7.} ({Predecessor:} 6. d3 Bg7 7. Nc3 Ne7 8. Bg5 f6 9. Bxd7+ Bxd7 10. Be3 O-O 11. Ne1 Nc6 12. Qd2 {0-1 (46) Voigt,G (2174)-Reddmann,H (2275) Hamburg 2018}) 6... b6 7. bxc5 bxc5 8. d3 {White is better.} Bg7 9. Nc3 Ne7 10. Nd5 O-O 11. Rb1 Nb6 12. Nxe7+ (12. Bg5 {keeps more tension.} f6 13. Bd2 Rb8 14. Rb3 Bd7 15. Qc2) 12... Qxe7 13. a4 {[%cal Ba2a4,Ba4a5][%mdl 32]} Rb8 (13... a6 $5 {[%cal Ra6b5]} 14. Bc6 Rb8 $11) 14. a5 Na8 15. Bg5 f6 16. Bd2 Nc7 17. Bc6 Bd7 18. Bxd7 (18. Qa4 $14 Rxb1 19. Rxb1) 18... Qxd7 $11 19. Qc2 Qc6 20. Rxb8 Rxb8 21. Rb1 Rb7 22. Bc3 (22. Rxb7 $14 Qxb7 23. Qa4) 22... Bh6 (22... Ne6 $11) 23. Qa2 (23. Rxb7 $14 Qxb7 24. Qa4) 23... Kf8 24. Rb3 Na6 25. Qb1 Rxb3 26. Qxb3 Nb4 27. Ne1 f5 (27... Na6 $11) 28. exf5 $1 $14 gxf5 {[#]} 29. d4 (29. g3 $1 $16) 29... exd4 $11 30. Bxb4 {And now Ba3 would win.} Qe4 {[#]} 31. Kf1 $1 cxb4 32. Qxb4 Bf4 {White must now prevent ...d3.} 33. Qb8+ {[%mdl 64] Double Attack} Kg7 {aiming for ...d3.} 34. Qxa7+ Kg6 {...d3 is the strong threat.} 35. Qb8 (35. f3 $14 Qe3 36. g3) 35... d3 {The position is equal.} 36. Qg8+ Kh6 37. Qf8+ Kg6 (37... Kh5 $5 38. Qf7+ $8 Kh6 39. Qf6+ Kh5 40. Qf7+ Kh6 41. Qf6+ Kh5 42. Qf7+ $11) 38. Qg8+ Kh6 39. Qf8+ Kg6 {( -> ...Qe2+)} (39... Kh5 $5 40. Qf7+ $8 Kh6 41. Qf6+ Kh5 42. Qf7+ Kh6 43. Qf6+ Kh5 44. Qf7+ $11) 40. Qg8+ {Weighted Error Value: White=0.18/Black=0.17} 1/2-1/2

[Event "Airthings Masters Preliminary"]
[Site "Online"]
[Date "2020.12.23"]
[Round "4.1"]
[White "Vachier-Lagrave, Maxime"]
[Black "Nepomniachtchi, Ian"]
[Result "0-1"]
[WhiteElo "2784"]
[BlackElo "2784"]
[Annotator "TA"]
[PlyCount "138"]
[EventDate "2020.12.26"]
[EventType "tourn"]
[EventCountry "NET"]
[SourceTitle "playchess.com"]
[Source "ChessBase"]
[SourceQuality "1"]

{[%evp 12,138,9,6,12,0,0,2,8,11,12,16,14,0,10,10,22,14,4,9,10,0,0,0,0,15,29,27,27,18,97,68,79,54,151,128,125,8,22,9,10,-10,0,-7,0,0,28,47,47,14,14,8,8,0,436,459,426,421,327,225,281,297,466,179,153,134,389,108,145,97,107,91,85,91,91,91,79,81,101,57,54,25,25,25,25,44,97,104,105,96,101,64,171,167,144,56,62,20,20,20,20,20,20,20,20,-58,-58,-43,-43,-77,-77,-77,-8,-4423,-2573,-11017,-6087,-5513,-4421,-29965,-29966,-29981,-29982,-29982,-29982,-29984,-29985,-29988,-29989]} 1. e4 c5 2. Nf3 d6 3. d4 cxd4 4. Nxd4 Nf6 5. Nc3 a6 6. Bd3 e5 7. Nde2 Nc6 {B90: Sicilian Najdorf: Unusual White 6th moves, 6 Be3 Ng4 and 6 Be3 e5.} 8. Nd5 Nxd5 9. exd5 Nb4 {The position is equal.} 10. Be4 {Strongly threatening c3.} a5 11. c3 Na6 {[#]} 12. Bc2 $146 ({Predecessor:} 12. O-O f5 13. Bc2 Be7 14. f4 O-O 15. Be3 e4 16. Nd4 Nc7 17. Bb3 Bf6 18. a4 {½-½ (61) Vachier Lagrave,M (2784)-Ding,L (2791) chess24.com INT 2020}) 12... g6 13. h4 h5 14. Bg5 Be7 15. Qd2 Nc5 16. c4 Bd7 17. Nc3 Bxg5 18. hxg5 Qb6 19. O-O-O Qb4 20. Rh4 a4 (20... b5 $11 {keeps the balance.}) 21. Re1 O-O 22. a3 $1 {[%cal Ra3b4]} Nb3+ (22... Qb6 $14) 23. Bxb3 $16 Qxb3 24. Qc2 (24. c5 $1 $16 dxc5 25. Ne4 Qc4+ 26. Qc3 Qxc3+ 27. bxc3) 24... Qxc2+ $11 25. Kxc2 Rfc8 26. Kd2 {Black must now prevent Ne4.} Kg7 27. Rc1 Bf5 28. f3 f6 29. gxf6+ Kxf6 30. g4 hxg4 31. fxg4 Kg5 32. Rh2 Bxg4 {[%mdl 8192]} (32... Kxg4 $11 33. Rg1+ Kf3) 33. Ne4+ $18 {[%mdl 64] Double Attack} Kf4 34. Kd3 Rh8 35. Rf2+ Bf3 36. Rg1 {Threatening mate with Rg3.} (36. Nxd6 g5 $16) 36... Rh2 (36... Rh3 $142 37. Rxg6 Rf8) 37. Rxh2 $2 (37. Rxg6 Rxf2 38. Rf6+ (38. Nxf2 e4+ 39. Kd4 Re8 $16) 38... Kg4 39. Nxf2+ Kg3 40. Ke3) 37... Bxe4+ {[%mdl 4096] Endgame KRR-KRB} 38. Kd2 Bf5 $2 {[%mdl 8192]} (38... g5 $16) 39. Rf1+ $2 (39. Rh4+ $18 {is the precise move to win.} Kf3 40. Rf1+ Kg3 41. Rh7) 39... Kg5 $16 40. Rh7 b5 41. c5 (41. cxb5 $6 Rb8 $11) 41... dxc5 42. Rc7 c4 43. Rb7 Rh8 44. Rxb5 Rh3 45. Rb4 Rd3+ 46. Kc1 c3 $1 47. Rxa4 {Threatens to win with bxc3.} cxb2+ 48. Kxb2 Rd2+ (48... e4 $1 $14) 49. Kc1 $1 {[%cal Rc1d2]} Rxd5 50. Rg1+ $1 Kh6 51. Rc4 Rd3 (51... e4 $14) 52. a4 $18 e4 {[#]} 53. Kb2 ({White should try} 53. Rd1 $1 $16 {[%cal Rd1d3] And now Rxd3 would win.} Rb3 54. Kc2) 53... e3 $1 $14 54. Re1 {With the idea a5.} Kg5 $1 55. a5 Rd2+ 56. Kc3 Ra2 $1 57. Kb4 ({Don't play} 57. Rxe3 $6 Rxa5 58. Re8 Ra2 $16) 57... e2 58. Rc3 (58. Kb3 $11 Rxa5 59. Rxe2) 58... Kf4 $15 {[%mdl 1024] Black has compensation.} 59. a6 Be4 {...Bf3 is the strong threat.} 60. a7 {[#]} Bf3 $1 61. Rc7 g5 (61... Ke3 $17 {aiming for ...g5.} 62. Rg7 Kf2 63. Rxe2+ Kxe2 64. Rxg6 Rxa7) 62. Kb5 $2 {[%mdl 8192]} (62. Re7 $11) 62... Kg3 $19 63. Re7 Kf2 64. Rb1 g4 65. Kb6 g3 {Black mates.} 66. Re8 g2 67. Rf8 Ra3 68. Rc1 e1=Q {[%csl Ga3][%cal Re1a5]} 69. Rxf3+ Rxf3 {What a fight!  Weighted Error Value: White=0.30/Black=0.26} ({Weaker is} 69... Kxf3 70. Rxe1 Ra4 71. Kb7 $11) 0-1